<?xml version="1.0" encoding="UTF-8"?>
<marc:record xmlns:marc="http://www.loc.gov/MARC21/slim">
   <marc:leader>00000nam a2200000 a 4500</marc:leader>
   <marc:datafield ind1="1" ind2=" " tag="100">
      <marc:subfield code="a">Rosemann, Matthias</marc:subfield>
      <marc:subfield code="4">edt</marc:subfield>
      <marc:subfield code="e">Bearbeiter/-in</marc:subfield>
   </marc:datafield>
   <marc:datafield ind1="1" ind2=" " tag="100">
      <marc:subfield code="a">Konrad, Michael</marc:subfield>
      <marc:subfield code="4">edt</marc:subfield>
      <marc:subfield code="e">Bearbeiter/-in</marc:subfield>
   </marc:datafield>
   <marc:datafield ind1=" " ind2=" " tag="653">
      <marc:subfield code="a">Betreutes Wohnen</marc:subfield>
   </marc:datafield>
   <marc:datafield ind1=" " ind2=" " tag="653">
      <marc:subfield code="a">Psychische Störung</marc:subfield>
   </marc:datafield>
   <marc:datafield ind1=" " ind2=" " tag="653">
      <marc:subfield code="a">Ambulante psychiatrische Versorgung</marc:subfield>
   </marc:datafield>
   <marc:datafield ind1=" " ind2=" " tag="653">
      <marc:subfield code="a">Stationäre psychiatrische Versorgung</marc:subfield>
   </marc:datafield>
   <marc:datafield ind1=" " ind2=" " tag="653">
      <marc:subfield code="a">Aufsatzsammlung</marc:subfield>
   </marc:datafield>
   <marc:datafield ind1="0" ind2="0" tag="245">
      <marc:subfield code="a">Handbuch betreutes Wohnen</marc:subfield>
   </marc:datafield>
   <marc:datafield ind1="0" ind2="0" tag="245">
      <marc:subfield code="b">von der Heimversorgung zur ambulanten Unterstützung</marc:subfield>
   </marc:datafield>
   <marc:datafield ind1="0" ind2="0" tag="245">
      <marc:subfield code="c">Matthias Rosemann ; Michael Konrad (Hg.)</marc:subfield>
   </marc:datafield>
   <marc:datafield ind1=" " ind2="1" tag="264">
      <marc:subfield code="a">Bonn</marc:subfield>
      <marc:subfield code="b">Psychiatrie-Verl.</marc:subfield>
      <marc:subfield code="c">2011</marc:subfield>
   </marc:datafield>
   <marc:datafield ind1=" " ind2=" " tag="250">
      <marc:subfield code="a">1. Aufl.</marc:subfield>
   </marc:datafield>
   <marc:datafield ind1="1" ind2=" " tag="520">
      <marc:subfield code="a">Angaben aus der Verlagsmeldung

Handbuch Betreutes Wohnen : Von der Heimversorgung zur ambulanten Unterstützung

Menschen, die im Betreuten Wohnen arbeiten, müssen Allrounder sein und sich mit sämtlichen Wohnformen und Vernetzungsmöglichkeiten auskennen. Dieses Handbuch vermittelt einen einzigartigen Überblick über alle Bereiche und bietet neue Perspektiven für die Zukunft des Betreuten Wohnens, die für die Entwicklung psychisch kranker und behinderter Menschen hilfreich sind.
Das Buch wird eingeleitet von der Frage, wie Nutzer das Betreute Wohnen erleben. Im zweiten Teilt geht es um praktische und alltägliche Fragen, so werden die unterschiedlichen Wohnformen und die Hilfeplanung dargestellt. Im dritten Abschnitt stehen die Herausforderungen durch bestimmte Personengruppen wie Abhängige, Wohnungslose oder ehemalige forensische Patienten im Mittelpunkt. Der vierte Teil nimmt die Anforderungen an die Mitarbeiter im Betreuten Wohnen in den Blick. Um die Integration in die Gemeinde geht es schließlich im fünften Teil des Buches. Am Ende werden schließlich die sozial- und leistungsrechtlichen Vorgaben dargestellt, unter denen alle Formen des Betreuten Wohnens zu finanzieren und zu entwickeln sind.
</marc:subfield>
   </marc:datafield>
   <marc:datafield ind1=" " ind2=" " tag="020">
      <marc:subfield code="a">9783884145951</marc:subfield>
      <marc:subfield code="9">9783884145951</marc:subfield>
   </marc:datafield>
   <marc:datafield ind1=" " ind2=" " tag="041">
      <marc:subfield code="a">ger</marc:subfield>
   </marc:datafield>
   <marc:datafield ind1=" " ind2=" " tag="300">
      <marc:subfield code="a">351 S.</marc:subfield>
   </marc:datafield>
</marc:record>
